Star Wars: Separatist Council Quiz - Statistics

General Stats
  • This quiz has been taken 88 times
  • The average score is 7 of 9
Answer Stats
Hint Answer % Correct
Leader of the Separatists Count Dooku
94%
Droid General General Grievous
89%
Viceroy of the Trade Federation Nute Gunray
89%
Head of the Techno Union Wat Tambor
83%
Archduke of Geonosis Poggle The Lesser
81%
Chairman of the Banking Clan San Hill
70%
President of the Commerce Guild Shu Mai
61%
Magistrate of the Corporate Alliance Passel Argente
53%
Head of the Hyper Communications Cartel Po Nudo
44%
No matching quizzes found
Score Distribution
Percent of People with Each Score
Percentile by Number Answered
Your Score History
You have not taken this quiz